| 000 | 00000nam 2200000zi 4500 |
| 001 | 9.910734 |
| 003 | CaOODSP |
| 005 | 20221107182210 |
| 006 | m o d f |
| 007 | cr cn||||||||| |
| 008 | 220429t20222022quc o f000 0 eng d |
| 020 | |a9780660433417 |
| 040 | |aCaOODSP|beng|erda|cCaOODSP |
| 043 | |an-cn--- |
| 086 | 1 |aEn14-488/5-2022E-PDF |
| 245 | 00|aFederal Halocarbon Regulations, 2022 (FHR 2022) : |bleaks and leak tests. |
| 246 | 10|aLeaks and leak tests |
| 264 | 1|a[Gatineau, Quebec] : |bEnvironment and Climate Change Canada = Environnement et changement climatique Canada, |c2022. |
| 264 | 4|c©2022 |
| 300 | |a1 online resource (3 pages) |
| 336 | |atext|btxt|2rdacontent |
| 337 | |acomputer|bc|2rdamedia |
| 338 | |aonline resource|bcr|2rdacarrier |
| 500 | |aCaption title. |
| 500 | |aIssued also in French under title: Règlement fédéral sur les halocarbures de 2022 (RFH 2022) : fuites et essais de détection des fuites. |
| 520 | |a"The Federal Halocarbon Regulations, 2022 (FHR 2022) establish leak testing and reporting requirements for refrigeration, air-conditioning, fire-extinguishing, and solvent systems and containers under federal jurisdiction"--Page [1]. |
| 650 | 0|aHalocarbons|xEnvironmental aspects|zCanada. |
| 650 | 0|aRefrigeration and refrigerating machinery|xEnvironmental aspects|zCanada. |
| 650 | 0|aAir conditioning|xEquipment and supplies|xEnvironmental aspects|zCanada. |
| 650 | 0|aFire extinguishing agents|xEnvironmental aspects|zCanada. |
| 650 | 0|aSolvents|xEnvironmental aspects|zCanada. |
| 710 | 1 |aCanada. |bEnvironment and Climate Change Canada, |eissuing body. |
| 775 | 08|tRèglement fédéral sur les halocarbures de 2022 (RFH 2022) : |w(CaOODSP)9.910735 |
| 856 | 40|qPDF|s61 KB|uhttps://publications.gc.ca/collections/collection_2022/eccc/En14-488-5-2022-eng.pdf |
| 986 | |aEC22062 |